000
00261nam a22001217a 4500
008
170401b xxu||||| |||| 00| 0 eng d
041
_a
alb
080
_a
617
100
_a
8
101
_a
SHM
245
_a
OKULTISTIKA KLINIKE
_c
ZHUGLI, S
942
_2
udc
_c
BK
999
_c
9366
_d
9366